00697nam a2200229 a 4500001001300000003000900013005001700022008004100039020001000080082001600090100001800106245005300124260004700177300000900224500003500233650002000268700001800288902000800306942000700314952012900321999001700450nice12345678IN_TiNIC20260116014750.0071218s2008 newa grp 000 0 eng  ac90000a297.38bAHM aAhmed, Sharif aIslamic Festivals and Their Religious Importance aNew Delhi bCyber Tech Publications c2008 a256p aincludes index and biblioraphy aFestivals-India1 aAhmed, Sharif bSRS cBK 001040708StackRoom-aHMIbHMId2012-11-14g900.00l2o297.38 AHMp022182r2018-04-30s2018-04-06v900.00w2007-12-18yBK c16850d16850